| 000 | 01507nam a22003253i 4500 | ||
|---|---|---|---|
| 001 | EBC32542394 | ||
| 003 | MiAaPQ | ||
| 005 | 20260416173615.0 | ||
| 007 | cr cnu|||||||| | ||
| 008 | 260416s2026 xx o ||||0 eng d | ||
| 020 |
_a9780300289657 _q(electronic bk.) |
||
| 020 | _z9780300284911 | ||
| 040 |
_aMiAaPQ _beng _cMiAaPQ |
||
| 100 | 1 |
_aSharples, Caroline. _967941 |
|
| 245 | 1 | 4 |
_aThe Long Death of Adolf Hitler : _bAn Investigative History. |
| 250 | _a1st ed. | ||
| 264 | 1 |
_aNew Haven : _bYale University Press, _c2026. |
|
| 264 | 4 | _c©2026. | |
| 300 | _a1 online resource (337 pages) | ||
| 336 |
_aText _btxt _2rdacontent |
||
| 337 |
_aComputermedien _bc _2rdamedia |
||
| 338 |
_aOnline Resource _bcr _2rdacarrier |
||
| 500 | _aE-Book-ProQuest / Fernzugriff nach Registrierung möglich | ||
| 520 | _aA fascinating exploration of why Hitler's death was only confirmed in 2018   Adolf Hitler has taken a long time to die, despite the lethal efficiency of the gun he put to his head in April 1945.Although eagerly anticipated around the world, there were no available witnesses to his suicide--and his corpse was not put on display. | ||
| 655 |
_aFernzugriff _9230 |
||
| 655 | 4 | _aElectronic books. | |
| 776 | 0 | 8 |
_iPrint version: _aSharples, Caroline _tThe Long Death of Adolf Hitler _dNew Haven : Yale University Press,c2026 _z9780300284911 |
| 856 | 4 | 0 |
_uhttps://ebookcentral.proquest.com/lib/maxweberstiftung-ebooks/detail.action?docID=32542394 _zVolltext |
| 942 | _cEB | ||
| 999 |
_c74090 _d74090 |
||